00436nam a2200121 a 450000100100000000500170001000800410002704000250006811000780009324500430017126000800021430000200029400003063820200930062425.0110525s1920 dr 000 0 spa d aDO-SdBNPbspacBNPHU1 aRepública DominicanabSecretaría de Estado de Sanidad y Beneficiencia10aTexto para los inspectores de sanidad. aSanto Domingo, :bSecretaría de Estado de Sanidad y Beneficiencia,c1920. a47 p. ;c23 cm.